000 00396nam a2200145Ia 4500
008 230917s9999||||xx |||||||||||||| ||und||
040 _e123446
_aMAIN
041 _aEnglish
082 _a320.50954 S64B
100 _aSingh, Manoj Kumar
245 0 _aBhartiya rajnitak chintak Dr. Rajender Parshad
260 _aNew Delhi
_bDiscovery Publishing House
_c2007
300 _a286p. p.
942 _cBK
999 _c139817
_d139817